000 00784nam a2200265Ia 4500
003 OSt
005 20220924123133.0
006 a|||||r|||| 00| 0
007 ta
008 220923b |||||||| |||| 00| 0 san d
020 _c260
024 _a262684
037 _b231, 29/09/2011, Eastern Book Linkers
_cTextual
040 _aARTS
_cARTS
_bsan
041 _2san
_asan
082 _aQ125:24, 15P5
100 _aBhashyam Ed.
_9191774
245 0 _aTaittiriyopanisad
260 _aMelkote
_bAcademy of Sanskrit Research India
_c2005
300 _alxvii,363p.
_ccm.
650 _a HINDUISM - TAITTIRIYA
_9191775
650 _aSANSKRIT
942 _hQ125:24, 15P5
_cTEXL
_2CC
999 _c414470
_d414470